000 00343nam a22001457a 4500
020 _a900457455
082 _a297.03 BRI Vol.IV ( IRAN-KHA)
100 _aBrill E.J
245 _aThe Encyclopedia of Islam
250 _aNew Edition
260 _aLondon
_bE.J Brill
_c1978
300 _a1188
650 _aEncyclopedia - Islam
942 _cBK
999 _c19680
_d19680